[Event "Challenge 88"]
[Site "http://www.queenalice.com/game.php?id=1485639"]
[Date "2017.7.11"]
[Round "-"]
[White "Lintz"]
[Black "Marcelo_Bruno"]
[Result "0-1"]
[WhiteElo "1871"]
[BlackElo "2045"]

1. e4 e5 2. Nf3 Nc6 3. Bc4 Nf6 4. Ng5 d5 5. exd5 Bc5 6. dxc6 Bxf2+ 7. Kxf2 Qd4+
8. Ke1 Qxc4 9. d3 Qxc6 10. Nf3 Bg4 11. Be3 O-O 12. Nc3 Rad8 13. h3 Bh5 14. g4
Bg6 15. Qe2 Rfe8 16. Rg1 e4 17. Nd4 Qb6 18. Nb3 Qd6 19. d4 Nd5 20. Nxd5 Qxd5 21.
c4 Qd6 22. a3 b6 23. h4 f5 24. gxf5 Bxf5 25. Rc1 h6 26. Qd2 Re6 27. h5 Qe7 28.
Qf2 Kh7 29. Kd2 Qf6 30. Kc2 a5 31. Nd2 Red6 32. Rcf1 Rf8 33. Kc3 c5 34. Kb3 cxd4
35. Nxe4 Bxe4 36. Qxf6 Rfxf6 37. Bf4 Rde6 38. Bc1 Rxf1 39. Rxf1 Rf6 40. Rxf6
gxf6 0-1

[Event "Challenge 89"]
[Site "http://www.queenalice.com/game.php?id=1485640"]
[Date "2017.7.11"]
[Round "-"]
[White "Marcelo_Bruno"]
[Black "Lintz"]
[Result "0-1"]
[WhiteElo "2054"]
[BlackElo "1843"]

1. e4 c5 2. b3 Nc6 3. Bb2 e5 4. Nf3 Nf6 5. d3 d6 6. Be2 a6 7. O-O Be7 8. Nbd2 b5
9. a3 O-O 10. Re1 Re8 11. Nf1 Bb7 12. c3 Bf8 13. Ng3 g6 14. Qc2 Bg7 15. Rad1 Qc7
16. Bf1 d5 17. d4 c4 18. b4 Nxe4 19. Nxe4 dxe4 20. Rxe4 exd4 21. Rxe8+ Rxe8 22.
Nxd4 Nd8 23. g3 Qe7 24. Bg2 Bxg2 25. Kxg2 Qe4+ 26. Qxe4 Rxe4 27. Nf3 Bf6 28. Rd6
Re6 29. Rxe6 fxe6 30. Ng1 Kf7 31. Ne2 e5 32. Bc1 Ke6 33. f3 h5 34. h4 Nc6 35.
Be3 Kd5 36. Kf2 a5 37. f4 axb4 38. axb4 Ke4 39. Ke1 Kxe3 0-1

[Event "Challenge 90"]
[Site "http://www.queenalice.com/game.php?id=1490505"]
[Date "2017.8.17"]
[Round "-"]
[White "Lintz"]
[Black "Marcelo_Bruno"]
[Result "0-1"]
[WhiteElo "1904"]
[BlackElo "2030"]

1. e4 e5 2. Nf3 d6 3. c3 Nf6 4. Be2 Be7 5. d4 exd4 6. Qxd4 Nc6 7. Qd3 Ne5 8.
Nxe5 dxe5 9. Qxd8+ Bxd8 10. f3 O-O 11. O-O c6 12. b3 Bb6+ 13. Kh1 Be6 14. Bb2
Rad8 15. c4 Bc7 16. Ba3 Bd6 17. c5 Bc7 18. Rd1 Rxd1+ 19. Bxd1 Rd8 20. Nc3 Nh5
21. g3 Rd2 22. Ne2 b6 23. Ng1 g6 24. Bb4 Rd8 25. Be2 a5 26. Ba3 b5 27. Rd1 Rxd1
28. Bxd1 b4 29. Bb2 Nf6 30. Bc1 Nd7 31. Be3 Bb8 32. Ne2 Ba7 33. Nc1 Bxc5 34.
Bxc5 Nxc5 35. Kg2 f6 36. Be2 Kf7 37. h4 h6 38. Kf2 Ke7 39. Ke3 Kd6 40. f4 a4 41.
bxa4 Nxa4 42. Bd1 Nc3 43. Bb3 Bxb3 44. fxe5+ fxe5 45. axb3 Nb5 46. Kd2 Nc7 47.
Ke3 g5 48. hxg5 hxg5 49. Kd3 Ne8 50. Ke3 g4 51. Na2 c5 52. Nc1 Nf6 53. Kd3 Nh5
54. Ne2 Kc6 55. Kc4 Kd6 56. Kd3 Kc6 57. Ke3 Kb5 58. Kd3 c4+ 59. bxc4+ Kc5 60.
Kc2 Kxc4 0-1

[Event "Challenge 91"]
[Site "http://www.queenalice.com/game.php?id=1499417"]
[Date "2017.10.18"]
[Round "-"]
[White "Marcelo_Bruno"]
[Black "Lintz"]
[Result "1-0"]
[WhiteElo "2051"]
[BlackElo "1869"]

1. e4 c5 2. d4 cxd4 3. Nf3 e5 4. Bc4 Bb4+ 5. Bd2 Bxd2+ 6. Nbxd2 d6 7. O-O Nf6 8.
Re1 O-O 9. Nb3 Nc6 10. a3 a6 11. Rc1 Re8 12. h3 Be6 13. Bxe6 fxe6 14. Qd3 Nh5
15. g3 b5 16. Kh2 g6 17. Qd2 Qf6 18. Nh4 Rf8 19. Rf1 Rf7 20. f3 g5 21. Ng2 Raf8
22. g4 Nf4 23. Nxf4 Qxf4+ 24. Qxf4 Rxf4 25. Kg3 Kg7 26. Nd2 h6 27. Rf2 Kg6 28.
Rh1 h5 29. b3 h4+ 30. Kg2 d5 31. Re1 dxe4 32. Nxe4 a5 33. Nc5 Re8 34. Nd3 Rf6
35. Nxe5+ Kg7 36. Nxc6 1-0

[Event "Challenge  92"]
[Site "http://www.queenalice.com/game.php?id=1499426"]
[Date "2017.10.19"]
[Round "-"]
[White "Lintz"]
[Black "Marcelo_Bruno"]
[Result "0-1"]
[WhiteElo "1879"]
[BlackElo "2041"]

1. e4 e5 2. Nf3 Nc6 3. c3 Nf6 4. d4 Nxe4 5. d5 Ne7 6. Nxe5 Ng6 7. Nf3 Bc5 8. Be3
Bxe3 9. fxe3 O-O 10. Bd3 Nf6 11. O-O d6 12. h3 Nxd5 13. Bxg6 fxg6 14. Qxd5+ Kh8
15. Qd1 Bf5 16. Nbd2 Bd3 17. Re1 Qd7 18. e4 Rae8 19. c4 b5 20. b3 bxc4 21. bxc4
Qc6 22. Kh1 Bxe4 23. Nxe4 Rxe4 24. Rxe4 Qxe4 25. Rc1 h6 26. Qd5 Qe2 27. a4 Qf2
28. Re1 Rf5 29. Qd2 Rxf3 30. Qxf2 Rxf2 31. Re8+ Kh7 32. Re7 Ra2 33. Rxc7 Rxa4
34. Rc6 a5 35. Rxd6 Rxc4 0-1

[Event "Challenge 93"]
[Site "http://www.queenalice.com/game.php?id=1507095"]
[Date "2017.12.7"]
[Round "-"]
[White "Lintz"]
[Black "Marcelo_Bruno"]
[Result "0-1"]
[WhiteElo "1908"]
[BlackElo "2069"]

1. e4 e6 2. d4 d5 3. exd5 exd5 4. Nf3 Nf6 5. Be2 Bd6 6. Nc3 c6 7. O-O O-O 8. Bg5
Bg4 9. h3 Bxf3 10. Bxf3 Nbd7 11. Re1 Qc7 12. a3 Rfe8 13. Qd2 Rxe1+ 14. Rxe1 Re8
15. Rxe8+ Nxe8 16. Qe3 Ndf6 17. Ne2 Qe7 18. Qd3 h6 19. Bf4 Bxf4 20. Nxf4 Qe1+
21. Kh2 Qxf2 22. b3 Nd6 23. Ne2 Nfe4 24. Bg4 f5 25. Bf3 Kf7 26. a4 g6 27. c3 Qe1
28. Qe3 Qh4 29. g3 Qg5 30. Qxg5 Nxg5 31. Kg2 Nxf3 32. Kxf3 g5 33. h4 Kf6 34.
hxg5+ hxg5 35. g4 f4 36. Nxf4 gxf4 37. Kxf4 Ne4 38. c4 Nd2 39. cxd5 cxd5 40. b4
Ne4 41. b5 b6 42. Kf3 Kg5 43. Ke3 Kxg4 44. Kd3 Kf3 0-1

[Event "Challenge 94"]
[Site "http://www.queenalice.com/game.php?id=1507096"]
[Date "2017.12.7"]
[Round "-"]
[White "Marcelo_Bruno"]
[Black "Lintz"]
[Result "1-0"]
[WhiteElo "2060"]
[BlackElo "1890"]

1. e4 c5 2. d4 cxd4 3. Nf3 e5 4. Bc4 Be7 5. O-O d6 6. Bxf7+ Kxf7 7. Ng5+ Bxg5 8.
Qh5+ Kf8 9. Bxg5 Qe8 10. Qf3+ Qf7 11. Qa3 Qd7 12. f4 Ke8 13. fxe5 Ne7 14. Qf3
Ng6 15. exd6 Rf8 16. Qh5 Qg4 17. Rxf8+ Kxf8 18. Be7+ Nxe7 19. dxe7+ Kxe7 20.
Qc5+ Kd8 21. Na3 Qxe4 22. Qf8+ Kd7 23. Qxg7+ Kc6 24. Rf1 Bd7 25. Rf6+ Kc7 26.
Nb5+ Kd8 27. Rf8+ 1-0

[Event "AUTO-MASTER-2698"]
[Site "http://www.queenalice.com/game.php?id=1517115"]
[Date "2018.2.23"]
[Round "1"]
[White "Donidon"]
[Black "Marcelo_Bruno"]
[Result "1-0"]
[WhiteElo "2320"]
[BlackElo "2064"]

1. e4 e5 2. f4 Bc5 3. Nf3 Nf6 4. Nc3 Nc6 5. fxe5 Ng4 6. d4 Bb4 7. Bd2 Bxc3 8.
Bxc3 Ne3 9. Qd2 Nxf1 10. Rxf1 O-O 11. d5 Ne7 12. O-O-O Ng6 13. h4 d6 14. exd6
Qxd6 15. e5 Qa6 16. Kb1 Bg4 17. Qg5 Bxf3 18. gxf3 h6 19. Qg4 Rad8 20. Rg1 Qb5
21. e6 Rxd5 22. exf7+ Rxf7 23. Qxg6 Rxd1+ 24. Rxd1 Qe8 25. Bxg7 Re7 26. Qxe8+
Rxe8 27. Bxh6 Re2 28. f4 Kf7 29. Bg5 Kg6 30. b3 Re8 31. Rd7 Rc8 32. Re7 a6 33.
Re6+ Kf5 34. Re5+ Kg6 35. f5+ Kf7 36. f6 b5 37. Re7+ Kg6 38. Rg7+ Kh5 39. f7 Rd8
40. Bxd8 1-0

[Event "AUTO-MASTER-2698"]
[Site "http://www.queenalice.com/game.php?id=1517116"]
[Date "2018.2.23"]
[Round "1"]
[White "Marcelo_Bruno"]
[Black "Donidon"]
[Result "0-1"]
[WhiteElo "2081"]
[BlackElo "2307"]

1. e4 c5 2. f4 e5 3. Nf3 exf4 4. d4 cxd4 5. Bxf4 Nf6 6. Qxd4 Nc6 7. Qd1 Nxe4 8.
Bc4 Qf6 9. Bc1 Bb4+ 10. c3 Qe7 11. Qe2 Bc5 12. Be3 d5 13. Bxd5 Nxc3 14. Bxf7+
Kxf7 15. Qc4+ Kg6 16. Nh4+ Kh5 17. Qxc5+ Qxc5 18. Bxc5 Re8+ 19. Kf1 Ne4 20. Bf2
Nxf2 21. Kxf2 Kxh4 22. Nd2 Bg4 23. Nf3+ Bxf3 24. Kxf3 Nd4+ 25. Kf2 Re2+ 26. Kf1
Rf8+ 27. Kg1 Rxb2 28. h3 Kg3 29. Re1 Ne2+ 30. Rxe2 Rb1+ 0-1

[Event "AUTO-MASTER-2698"]
[Site "http://www.queenalice.com/game.php?id=1517131"]
[Date "2018.2.23"]
[Round "1"]
[White "Marcelo_Bruno"]
[Black "Diadoco"]
[Result "0-1"]
[WhiteElo "2088"]
[BlackElo "2303"]

1. e4 c5 2. f4 d5 3. Bb5+ Bd7 4. Bxd7+ Qxd7 5. e5 Nc6 6. Nf3 e6 7. c3 d4 8. d3
g6 9. O-O Bg7 10. c4 Nge7 11. Na3 a6 12. Bd2 O-O 13. Nc2 b5 14. b4 bxc4 15. bxc5
cxd3 16. Na3 Nd5 17. Nc4 Rab8 18. Nd6 Ncb4 19. Bxb4 Nxb4 20. Nxd4 a5 21. a3 Nc2
22. Nxc2 dxc2 23. Qxc2 Rfd8 24. Rab1 Qc6 25. Rxb8 Rxb8 26. h3 Bf8 27. Ne4 Rc8
28. Rc1 Kg7 29. Qf2 Qxe4 0-1

[Event "AUTO-MASTER-2698"]
[Site "http://www.queenalice.com/game.php?id=1517132"]
[Date "2018.2.23"]
[Round "1"]
[White "Diadoco"]
[Black "Marcelo_Bruno"]
[Result "1-0"]
[WhiteElo "2294"]
[BlackElo "2083"]

1. e4 e5 2. Nf3 Nc6 3. Bb5 a6 4. Ba4 Nf6 5. O-O Be7 6. Re1 b5 7. Bb3 d6 8. c3
O-O 9. h3 Be6 10. d4 Bxb3 11. axb3 exd4 12. cxd4 d5 13. e5 Ne4 14. Nc3 Bb4 15.
Bd2 Nxd2 16. Qxd2 Na5 17. Qc2 c5 18. Re3 c4 19. bxc4 bxc4 20. Rae1 Nb3 21. R1e2
Bxc3 22. bxc3 a5 23. h4 a4 24. Ng5 g6 25. e6 Qd6 26. Nxf7 Qe7 27. Rg3 Rxf7 28.
exf7+ Qxf7 29. h5 Ra6 30. hxg6 hxg6 31. Re5 a3 32. Qe2 Ra7 33. Re6 a2 34. Rexg6+
Qxg6 35. Rxg6+ Kf8 36. Qe6 a1=Q+ 37. Kh2 Rh7+ 38. Kg3 Qxc3+ 39. f3 Rf7 40. Qc8+
Ke7 41. Re6# 1-0

[Event "AUTO-MASTER-2698"]
[Site "http://www.queenalice.com/game.php?id=1517133"]
[Date "2018.2.23"]
[Round "1"]
[White "Marcelo_Bruno"]
[Black "petrosian369"]
[Result "0-1"]
[WhiteElo "2075"]
[BlackElo "2210"]

1. e4 d5 2. e5 c5 3. Bb5+ Nc6 4. d4 Bf5 5. c3 Bxb1 6. Bxc6+ bxc6 7. Rxb1 e6 8.
a3 Ne7 9. Bg5 Qc7 10. Bxe7 Bxe7 11. Nf3 cxd4 12. Qxd4 c5 13. Qa4+ Qd7 14. Qxd7+
Kxd7 15. Ke2 a5 16. a4 f6 17. exf6 Bxf6 18. g3 Rab8 19. Kd3 c4+ 20. Kc2 Rhc8 21.
Nd2 e5 22. Rhc1 Bg5 23. h4 Bh6 24. Re1 Bxd2 25. Kxd2 Kd6 26. Re3 Rf8 27. Ke2 Rb3
28. Ke1 Rfb8 29. Re2 Rxc3 30. bxc3 Rxb1+ 31. Kd2 Rb2+ 32. Kd1 Rxe2 33. Kxe2 d4
34. cxd4 exd4 35. g4 Ke5 36. Kf3 c3 37. Ke2 c2 38. Kd2 d3 39. Kc1 Kf4 40. f3
Kxf3 41. g5 Ke2 42. h5 d2+ 0-1

[Event "AUTO-MASTER-2698"]
[Site "http://www.queenalice.com/game.php?id=1517134"]
[Date "2018.2.23"]
[Round "1"]
[White "petrosian369"]
[Black "Marcelo_Bruno"]
[Result "1/2-1/2"]
[WhiteElo "2223"]
[BlackElo "2058"]

1. a3 d5 2. d4 Nf6 3. Bf4 c6 4. e3 e6 5. Nd2 Bd6 6. Bg3 Bxg3 7. hxg3 O-O 8. Bd3
Re8 9. Bxh7+ Nxh7 10. Qh5 Kf8 11. Qxh7 Qf6 12. Ngf3 Nd7 13. Qh8+ Ke7 14. Qh4
Qxh4 15. Rxh4 Nf6 16. O-O-O Bd7 17. Ne5 Rh8 18. Rdh1 Rxh4 19. Rxh4 Rg8 20. Nxd7
Kxd7 21. Kd1 Ne8 22. Ke2 Ke7 23. Rh1 Kf6 24. Nf3 g5 25. Ne5 Ke7 26. Rh7 Rg7 27.
Rxg7 Nxg7 28. g4 Ne8 29. f4 gxf4 30. exf4 Nd6 31. Nd3 a5 32. g5 b6 33. g4 Nc4
34. a4 Nd6 35. Nf2 Ne8 36. Kf3 Nd6 37. b3 Ne8 38. f5 exf5 39. gxf5 Nc7 40. Kf4
Na6 41. Nd3 Nb8 42. Ne5 c5 43. dxc5 bxc5 44. Nxf7 Kxf7 45. Ke5 d4 46. Kd5 Na6
47. Kc4 Nb4 48. Kxc5 Nxc2 49. Kc4 Ne3+ 50. Kxd4 Nxf5+ 51. Kc5 Kg6 52. b4 axb4
53. Kxb4 Nd4 54. Kc4 Nc6 55. Kc5 Nd8 56. a5 1/2-1/2

[Event "Challenge 95"]
[Site "http://www.queenalice.com/game.php?id=1517182"]
[Date "2018.2.24"]
[Round "-"]
[White "Lintz"]
[Black "Marcelo_Bruno"]
[Result "0-1"]
[WhiteElo "1911"]
[BlackElo "2074"]

1. e4 c6 2. d4 d5 3. exd5 cxd5 4. c4 e6 5. cxd5 exd5 6. Nf3 Bb4+ 7. Bd2 Qe7+ 8.
Be2 Bxd2+ 9. Qxd2 Nf6 10. Nc3 Be6 11. O-O O-O 12. Bd3 Nbd7 13. Rfe1 Qb4 14. a3
Qa5 15. Red1 a6 16. b4 Qd8 17. Ng5 h6 18. Nf3 Bg4 19. Qf4 Bxf3 20. Qxf3 Re8 21.
Nxd5 Nxd5 22. Qxd5 Nb6 23. Qxb7 Na4 24. Bxa6 Re6 25. b5 Rb6 26. Qe4 Nc3 27. Re1
Nxe4 28. Rxe4 Raxa6 29. bxa6 Rxa6 30. a4 Qg5 31. a5 Rxa5 32. Rae1 Ra8 33. Re5
Qd2 34. d5 Rd8 35. Re8+ Rxe8 0-1

[Event "Challenge 96"]
[Site "http://www.queenalice.com/game.php?id=1517183"]
[Date "2018.2.24"]
[Round "-"]
[White "Marcelo_Bruno"]
[Black "Lintz"]
[Result "1-0"]
[WhiteElo "2079"]
[BlackElo "1911"]

1. e4 e5 2. Nf3 Nc6 3. Bc4 Be7 4. O-O Nf6 5. d3 d6 6. c3 O-O 7. Ng5 Na5 8. Bxf7+
Rxf7 9. b4 Rf8 10. bxa5 c5 11. Qb3+ Kh8 12. Nf7+ Kg8 13. Nh6+ Kh8 14. Qg8+ Rxg8
15. Nf7# 1-0

[Event "Challenge 97"]
[Site "http://www.queenalice.com/game.php?id=1519021"]
[Date "2018.3.10"]
[Round "-"]
[White "Lintz"]
[Black "Marcelo_Bruno"]
[Result "0-1"]
[WhiteElo "1988"]
[BlackElo "2034"]

1. e4 e5 2. Nf3 Nc6 3. Bb5 Nf6 4. O-O Bc5 5. Bxc6 dxc6 6. h3 O-O 7. d3 h6 8.
Nxe5 Re8 9. d4 Bxd4 10. Nf3 Bb6 11. e5 Qxd1 12. Rxd1 Ne4 13. Be3 Bxe3 14. fxe3
Be6 15. Nbd2 Nxd2 16. Rxd2 Rad8 17. Rad1 Rxd2 18. Rxd2 Kf8 19. b3 Ke7 20. e4 Rd8
21. Rxd8 Kxd8 22. Kf2 Ke7 23. Ke3 c5 24. c4 c6 25. Kd3 b5 26. a3 a5 27. Nd2 f5
28. exf5 Bxf5+ 29. Ke3 g5 30. g4 Bc2 31. cxb5 cxb5 32. a4 bxa4 33. bxa4 Bxa4 34.
Nc4 Bc6 35. Kf2 a4 36. Ke3 Bg2 37. Kf2 Bxh3 38. Kg3 Bf1 39. Na3 c4 0-1

[Event "Challenge 98"]
[Site "http://www.queenalice.com/game.php?id=1519022"]
[Date "2018.3.10"]
[Round "-"]
[White "Marcelo_Bruno"]
[Black "Lintz"]
[Result "1/2-1/2"]
[WhiteElo "2048"]
[BlackElo "1946"]

1. d4 c6 2. c4 e6 3. e4 Bb4+ 4. Bd2 Bxd2+ 5. Qxd2 d6 6. Bd3 Bd7 7. Nf3 h6 8. O-O
Ne7 9. Nc3 O-O 10. Rfe1 Ng6 11. b3 Nh8 12. e5 dxe5 13. dxe5 f6 14. exf6 Qxf6 15.
Ne4 Qd8 16. Rad1 Nf7 17. Qc2 Qc7 18. Nc5 Nd8 19. Nxd7 Nxd7 20. Bh7+ Kh8 21. Nh4
Rf6 22. Ng6+ Kxh7 23. Ne5+ Kh8 24. Rxd7 Qb6 25. c5 Qa6 26. Ng4 Rf7 27. Red1 Rxd7
28. Rxd7 Qe2 29. Qd1 Qxd1+ 30. Rxd1 Kg8 31. Ne5 b5 32. b4 Nf7 33. Nxc6 e5 34.
Rd7 a6 35. Ra7 Rxa7 36. Nxa7 Kf8 37. c6 Ke7 38. c7 Nd6 39. c8=N+ Nxc8 40. Nxc8+
Ke6 41. Na7 Kd6 42. Nc8+ Kd5 43. Kf1 Kc4 44. a3 Kb3 45. Nd6 Kxa3 46. Ke2 Kxb4
47. Kd2 Kb3 48. Kc1 b4 49. Nf5 g6 50. Ne3 a5 51. Kb1 a4 52. Nd5 a3 53. Ka1 Kc4
54. Ne3+ Kc3 55. Kb1 b3 56. Nd5+ Kd2 57. f3 g5 58. Nf6 Kd3 59. Ng4 a2+ 60. Kb2
e4 61. Nf2+ Kd4 62. Nxe4 Kd3 63. Nc5+ Ke3 64. Ne4 Kf4 65. Nf6 Kf5 1/2-1/2

[Event "AUTO-OPEN-3913"]
[Site "http://www.queenalice.com/game.php?id=1519976"]
[Date "2018.3.17"]
[Round "1"]
[White "otavio01"]
[Black "Marcelo_Bruno"]
[Result "0-1"]
[WhiteElo "1100"]
[BlackElo "2046"]

1. e4 e5 2. d4 exd4 3. c3 d5 4. Qxd4 dxe4 5. Qxd8+ Kxd8 6. Bc4 Ke8 7. Bf4 Bd6 8.
Bxd6 cxd6 9. Nd2 Nf6 10. O-O-O d5 11. Bb5+ Bd7 12. Bxd7+ Kxd7 13. c4 d4 14. Re1
Re8 15. b4 Nc6 16. a3 Rad8 17. Nh3 h6 18. Nf4 Kc8 19. Ne2 Ne5 20. Kb1 Nd3 21.
Ref1 Ng4 22. c5 Ngxf2 23. Rhg1 e3 24. Nc4 f5 25. Nd6+ Rxd6 26. cxd6 Kd7 27. Rxf2
Nxf2 28. Nxd4 f4 29. Kc2 Rc8+ 30. Kb3 g5 31. a4 Ne4 32. Re1 Rc3+ 33. Kb2 Rd3 34.
Nf3 Kxd6 35. Rc1 Nd2 36. Ne1 Rd5 37. Rc8 Kd7 38. Rh8 Rd6 39. b5 a6 40. Rh7+ Kc8
41. bxa6 bxa6 42. Kc3 Nf1 43. h3 Kb8 44. Rg7 e2 45. Kc2 Rd2+ 46. Kc3 Rd1 47. Nf3
e1=Q+ 48. Nxe1 Rxe1 49. Rg6 Re3+ 50. Kd4 Ng3 51. Rxh6 Nf5+ 0-1

[Event "AUTO-OPEN-3913"]
[Site "http://www.queenalice.com/game.php?id=1519977"]
[Date "2018.3.17"]
[Round "1"]
[White "Marcelo_Bruno"]
[Black "otavio01"]
[Result "0-1"]
[WhiteElo "2046"]
[BlackElo "1100"]

1. d4 d5 2. c4 dxc4 3. e3 Qd5 4. Qa4+ b5 5. Nc3 Qc6 6. Qxb5 Qxb5 7. Nxb5 Na6 8.
Bxc4 Bb7 9. f3 c6 10. Nc3 Nb4 11. Bb3 Nd3+ 12. Kd1 Nf2+ 13. Ke1 Nxh1 14. Nh3 h6
15. Nf4 Nf6 16. Kf1 e6 17. Kg1 Ng3 18. hxg3 Bd6 19. Nfe2 Nh5 20. f4 g5 21. Ne4
Bc7 22. Nc5 O-O-O 23. g4 Nf6 24. g3 gxf4 25. gxf4 Nxg4 26. Bd2 h5 27. e4 Bd6 28.
e5 Bxc5 29. Bc3 Bb6 30. Kg2 c5+ 31. Kg3 cxd4 32. Bd2 h4+ 33. Kxg4 Rdg8+ 34. Kh3
d3 35. Nc3 Rg3+ 36. Kh2 Rg2+ 37. Kh3 Rxd2 38. Nb5 Bg2+ 39. Kg4 h3 40. Rc1+ Kd7
41. Ba4 Ke7 42. Nd6 h2 43. Nc8+ Kf8 44. Nd6 h1=Q 45. Rc8+ Kg7 46. Ne8+ Rxe8 47.
Rxe8 Bf3+ 0-1

[Event "AUTO-OPEN-3913"]
[Site "http://www.queenalice.com/game.php?id=1520004"]
[Date "2018.3.17"]
[Round "1"]
[White "Marcelo_Bruno"]
[Black "gomague"]
[Result "1-0"]
[WhiteElo "2046"]
[BlackElo "1567"]

1. d4 e6 2. e4 d5 3. exd5 exd5 4. c4 dxc4 5. Bxc4 Nf6 6. Nf3 Qe7+ 7. Qe2 Qxe2+
8. Bxe2 Be7 9. Bf4 c6 10. Bxb8 Rxb8 11. O-O O-O 12. h3 1-0

[Event "AUTO-OPEN-3913"]
[Site "http://www.queenalice.com/game.php?id=1520005"]
[Date "2018.3.17"]
[Round "1"]
[White "gomague"]
[Black "Marcelo_Bruno"]
[Result "0-1"]
[WhiteElo "1569"]
[BlackElo "2044"]

1. d4 d5 2. c4 e6 3. Nc3 Nf6 4. Bg5 Be7 5. e3 O-O 6. Nf3 Nbd7 7. Rc1 b6 8. cxd5
exd5 9. Bb5 Bb7 10. O-O c6 11. Bd3 Rc8 12. Re1 Re8 0-1

[Event "AUTO-OPEN-3913"]
[Site "http://www.queenalice.com/game.php?id=1520006"]
[Date "2018.3.17"]
[Round "1"]
[White "Marcelo_Bruno"]
[Black "Juuca"]
[Result "0-1"]
[WhiteElo "2065"]
[BlackElo "1989"]

1. e4 e6 2. d4 d5 3. exd5 exd5 4. Bd3 Nc6 5. c3 Bd6 6. Qe2+ Nge7 7. Qh5 g6 8.
Qh6 Bf5 9. Bxf5 Nxf5 10. Qh3 Qe7+ 11. Be3 Bf4 12. Kd2 Bxe3+ 13. fxe3 Nd6 14. Na3
Ne4+ 15. Kd3 Nf2+ 0-1

[Event "AUTO-OPEN-3913"]
[Site "http://www.queenalice.com/game.php?id=1520007"]
[Date "2018.3.17"]
[Round "1"]
[White "Juuca"]
[Black "Marcelo_Bruno"]
[Result "1-0"]
[WhiteElo "2091"]
[BlackElo "2048"]

1. e4 e5 2. Nf3 Nc6 3. c3 f5 4. exf5 e4 5. Nd4 Nxd4 6. cxd4 Nf6 7. d3 exd3 8.
Bxd3 Bb4+ 9. Nc3 Qe7+ 10. Be3 d5 11. O-O Bxc3 12. bxc3 O-O 13. Re1 Qd6 14. Qd2
b6 15. Bf4 Qd7 16. Re5 Bb7 17. Rae1 Rae8 18. Rxe8 Rxe8 19. Re5 Rxe5 20. dxe5 Nh5
21. e6 Qe7 22. Be5 Nf6 23. Qf4 Ne8 24. g4 a6 25. g5 b5 26. f6 gxf6 27. gxf6 Qxe6
28. Qg5+ Kf7 29. Bxh7 Nxf6 30. Qg6+ Ke7 31. Qg7+ Kd8 32. Qxf6+ Qxf6 33. Bxf6+
Kd7 34. Bf5+ Kd6 35. h4 c5 36. h5 b4 37. h6 d4 38. cxd4 c4 39. h7 b3 40. axb3
cxb3 41. h8=Q a5 42. Qd8+ Kc6 43. Be4+ Kb5 44. Bxb7 b2 45. Qd5+ Kb4 46. Qc5+ Ka4
47. Bc6+ Kb3 48. Bd5+ Ka4 49. Qc4+ Ka3 50. Qb3# 1-0

[Event "Challenge 99"]
[Site "http://www.queenalice.com/game.php?id=1523084"]
[Date "2018.4.10"]
[Round "-"]
[White "Lintz"]
[Black "Marcelo_Bruno"]
[Result "0-1"]
[WhiteElo "1842"]
[BlackElo "2048"]

1. e4 e5 2. Nf3 Nc6 3. d3 Nf6 4. Be2 Bc5 5. c3 O-O 6. O-O d6 7. a4 a6 8. b4 Ba7
9. Bg5 b5 10. axb5 axb5 11. Nbd2 Bb7 12. Kh1 Bb6 13. Qc2 Qe7 14. Rfe1 h6 15. Bh4
Rxa1 16. Rxa1 Ra8 17. Rxa8+ Bxa8 18. h3 Na7 19. Qa2 Bb7 20. g4 g5 21. Bg3 Kg7
22. Bh2 Nc8 23. Bg1 Ne8 24. Nh2 f6 25. f3 Bxg1 26. Kxg1 Qd7 27. Bf1 Qc6 28. Qa1
Qb6+ 29. Kg2 Qe3 30. Qd1 Nb6 31. Qe2 Qxe2+ 32. Bxe2 Na4 33. Nb1 c6 34. Nf1 Nc7
35. Ne3 Bc8 36. Kg3 Be6 37. h4 Kg6 38. h5+ Kf7 39. Kf2 Ke7 40. Bd1 Nb6 41. Ke2
d5 42. exd5 Ncxd5 43. Nxd5+ Nxd5 44. Kd2 Nf4 45. Ke3 Ba2 46. Bc2 Bxb1 47. Bxb1
Kd6 48. Ke4 Ne2 49. Kf5 Ke7 50. c4 Kf7 51. cxb5 Ng3# 0-1

[Event "Challenge 100"]
[Site "http://www.queenalice.com/game.php?id=1523085"]
[Date "2018.4.10"]
[Round "-"]
[White "Marcelo_Bruno"]
[Black "Lintz"]
[Result "1/2-1/2"]
[WhiteElo "2056"]
[BlackElo "1834"]

1. e4 e5 2. Nf3 Nc6 3. Bc4 d6 4. d3 Be7 5. c3 Nf6 6. Be3 Na5 7. Nbd2 c6 8. b4
Nxc4 9. Nxc4 b6 10. O-O O-O 11. a4 Bg4 12. a5 bxa5 13. Nxa5 Qc8 14. h3 Bxh3 15.
Ng5 Bd7 16. c4 Ng4 17. Nf3 Nxe3 18. fxe3 f5 19. exf5 Rxf5 20. e4 Rf8 21. Qd2 a6
22. Ng5 Bf6 23. Kh2 Qd8 24. Nh3 h6 25. Rh1 c5 26. bxc5 dxc5 27. Kg1 Qc7 28. Nb3
Rfc8 29. Qc3 Rcb8 30. Kh2 Rb4 31. Rhb1 a5 32. Nd2 Rab8 33. Rxb4 axb4 34. Qb3
Bxh3 35. gxh3 Qc8 36. Nf1 Qb7 37. Ne3 Bg5 38. Nd5 Ra8 39. Rf1 Ra3 40. Qd1 b3 41.
Qg4 Ra6 42. h4 Bd8 43. Qh5 Re6 44. Qf5 Re8 45. Qg6 Qd7 46. Rf5 Bxh4 47. Qb6 Rf8
48. Rxf8+ Kxf8 49. Qxb3 Qg4 50. Qb8+ Kf7 51. Qc7+ Kg6 52. Ne7+ Bxe7 53. Qxe7
Qe2+ 54. Kg1 Qe3+ 55. Kh2 Qxd3 56. Qe6+ Kh7 57. Qf5+ Kg8 58. Qe6+ Kf8 1/2-1/2